<?xml version="1.0" encoding="UTF-8"?>
<record
    xmlns:xsi="http://www.w3.org/2001/XMLSchema-instance"
    xsi:schemaLocation="http://www.loc.gov/MARC21/slim http://www.loc.gov/standards/marcxml/schema/MARC21slim.xsd"
    xmlns="http://www.loc.gov/MARC21/slim">

  <leader>01074nam a22002297a 4500</leader>
  <controlfield tag="005">20220307154806.0</controlfield>
  <controlfield tag="008">220307b           ||||| |||| 00| 0 eng d</controlfield>
  <datafield tag="020" ind1=" " ind2=" ">
    <subfield code="a">9789356029927</subfield>
  </datafield>
  <datafield tag="040" ind1=" " ind2=" ">
    <subfield code="c">Aloy</subfield>
  </datafield>
  <datafield tag="041" ind1=" " ind2=" ">
    <subfield code="a">kan</subfield>
  </datafield>
  <datafield tag="082" ind1=" " ind2=" ">
    <subfield code="2">23</subfield>
    <subfield code="a">954.87K</subfield>
    <subfield code="b">MALK</subfield>
  </datafield>
  <datafield tag="100" ind1=" " ind2=" ">
    <subfield code="a">Mallikarjunappa J K: &#xCAE;&#xCB2;&#xCCD;&#xCB2;&#xCBF;&#xC95;&#xCBE;&#xCB0;&#xCCD;&#xC9C;&#xCC1;&#xCA8;&#xCAA;&#xCCD;&#xCAA; &#xC9C;&#xCC6; &#xC95;&#xCC6; </subfield>
    <subfield code="9">23032</subfield>
  </datafield>
  <datafield tag="245" ind1=" " ind2=" ">
    <subfield code="a">Karnataka Samskratika Itihasa: &#xC95;&#xCB0;&#xCCD;&#xCA8;&#xCBE;&#xC9F;&#xC95;  &#xCB8;&#xCBE;&#xC82;&#xCB8;&#xCCD;&#xC95;&#xCCD;&#xCB0;&#xCA4;&#xCBF;&#xC95; &#xC87;&#xCA4;&#xCBF;&#xCB9;&#xCBE;&#xCB8;:</subfield>
    <subfield code="b">Cultural History of Karnataka: Part 1</subfield>
  </datafield>
  <datafield tag="260" ind1=" " ind2=" ">
    <subfield code="a">Davanagere</subfield>
    <subfield code="b">Smart Books</subfield>
    <subfield code="c">2022</subfield>
  </datafield>
  <datafield tag="300" ind1=" " ind2=" ">
    <subfield code="a">152 p.</subfield>
    <subfield code="b">PB</subfield>
    <subfield code="c">21x14 cm.</subfield>
  </datafield>
  <datafield tag="365" ind1=" " ind2=" ">
    <subfield code="2">History</subfield>
    <subfield code="a">6216</subfield>
    <subfield code="b">160.00</subfield>
    <subfield code="c">&#x20B9;</subfield>
    <subfield code="d">200.00</subfield>
    <subfield code="e">20%</subfield>
    <subfield code="f">03-03-2022</subfield>
  </datafield>
  <datafield tag="650" ind1=" " ind2=" ">
    <subfield code="a">Karavali Karnataka:  &#xC95;&#xCB0;&#xCBE;&#xCB5;&#xCB3;&#xCBF; &#xC95;&#xCB0;&#xCCD;&#xCA8;&#xCBE;&#xC9F;&#xC95; </subfield>
    <subfield code="9">23028</subfield>
  </datafield>
  <datafield tag="650" ind1=" " ind2=" ">
    <subfield code="a">Prachina Karnataka: &#xCAA;&#xCCD;&#xCB0;&#xCBE;&#xC9A;&#xCC0;&#xCA8; &#xC95;&#xCB0;&#xCCD;&#xCA8;&#xCBE;&#xC9F;&#xC95; </subfield>
    <subfield code="9">23029</subfield>
  </datafield>
  <datafield tag="650" ind1=" " ind2=" ">
    <subfield code="a">Kodagu Bhashe Samskrati: &#xC95;&#xCCA;&#xCA1;&#xC97;&#xCC1; &#xCAD;&#xCBE;&#xCB7;&#xCC6; &#xCB8;&#xC82;&#xCB8;&#xCCD;&#xC95;&#xCCD;&#xCB0;&#xCA4;&#xCBF; </subfield>
    <subfield code="9">23030</subfield>
  </datafield>
  <datafield tag="700" ind1=" " ind2=" ">
    <subfield code="a">MALLIKARJUNA (J K): &#xCAE;&#xCB2;&#xCCD;&#xCB2;&#xCBF;&#xC95;&#xCBE;&#xCB0;&#xCCD;&#xC9C;&#xCC1;&#xCA8;&#xCAA;&#xCCD;&#xCAA; (&#xC9C;&#xCC6; &#xC95;&#xCC6; )</subfield>
    <subfield code="9">23031</subfield>
  </datafield>
  <datafield tag="942" ind1=" " ind2=" ">
    <subfield code="2">ddc</subfield>
    <subfield code="c">BK</subfield>
  </datafield>
  <datafield tag="999" ind1=" " ind2=" ">
    <subfield code="c">221751</subfield>
    <subfield code="d">221751</subfield>
  </datafield>
  <datafield tag="952" ind1=" " ind2=" ">
    <subfield code="0">0</subfield>
    <subfield code="1">0</subfield>
    <subfield code="2">ddc</subfield>
    <subfield code="4">0</subfield>
    <subfield code="7">0</subfield>
    <subfield code="8">HIS</subfield>
    <subfield code="a">AL</subfield>
    <subfield code="b">AL</subfield>
    <subfield code="d">2022-03-04</subfield>
    <subfield code="e">Biblios Book Point, Surathkal, Mangalore-575014</subfield>
    <subfield code="g">160.00</subfield>
    <subfield code="l">0</subfield>
    <subfield code="o">954.87K MALK</subfield>
    <subfield code="p">075582</subfield>
    <subfield code="r">2022-03-07 00:00:00</subfield>
    <subfield code="v">200.00</subfield>
    <subfield code="w">2022-03-07</subfield>
    <subfield code="y">BK</subfield>
  </datafield>
  <datafield tag="952" ind1=" " ind2=" ">
    <subfield code="0">0</subfield>
    <subfield code="1">0</subfield>
    <subfield code="2">ddc</subfield>
    <subfield code="4">0</subfield>
    <subfield code="7">0</subfield>
    <subfield code="8">HIS</subfield>
    <subfield code="a">AL</subfield>
    <subfield code="b">AL</subfield>
    <subfield code="d">2022-03-04</subfield>
    <subfield code="e">Biblios Book Point, Surathkal, Mangalore-575014</subfield>
    <subfield code="g">160.00</subfield>
    <subfield code="l">0</subfield>
    <subfield code="o">954.87K MALK</subfield>
    <subfield code="p">075583</subfield>
    <subfield code="r">2022-03-07 00:00:00</subfield>
    <subfield code="v">200.00</subfield>
    <subfield code="w">2022-03-07</subfield>
    <subfield code="y">BK</subfield>
  </datafield>
</record>
